Worst Results for Each Country at Eurovision - Statistics

General Stats
  • This quiz has been taken 3 times
  • The average score is 31 of 51
Answer Stats
Country Year(s) Position (Overall) Position (in Semi-Final / Final) Points Artist(s) Song % Correct
Ireland 2019 41 #18th in Semi-Final 2 16 Sarah McTernan 22
100%
Montenegro 2018 39 #16th in Semi-Final 2 40 Vanja Radovanovic Inje
100%
Serbia 2017 28 #11th in Semi-Final 2 98 Tijana Bogicevic In Too Deep
100%
Russia 2018 36 #15th in Semi-Final 2 65 Julia Samoylova I Won't Break
100%
Bosnia & Herzegovina 2016 27 #11th in Semi-Final 1 104 Dalal & Deen ft. Ana Rucner & Jala Ljubav Je
100%
Finland 2019 39 #17th in Semi-Final 1 23 Darude ft. Sebastian Rejman Look Away
100%
North Macedonia 2018 42 #18th in Semi-Final 1 24 Eye Cue Lost and Found
100%
France 2014 26 #26th in Final 2 TWIN TWIN Moustache
100%
Romania 2019 32 #13th in Semi-Final 2 71 Ester Peony On a Sunday
100%
Estonia 2016 42 #18th in Semi-Final 1 24 Juri Pootsman Play
100%
Denmark 2016 39 #17th in Semi-Final 2 34 Lighthouse X Soldiers of Love
100%
San Marino 2017 42 #18th in Semi-Final 2 1 Valentina Monetta & Jimmie Wilson Spirit of the Night
100%
Slovenia 2013 39 #16th in Semi-Final 1 8 Hannah Mancini Straight Into Love
100%
Greece 2016 38 #16th in Semi-Final 1 44 Argo Utopian Land
100%
Armenia 2019 37 #16th in Semi-Final 2 49 Srbuk Walking Out
100%
Australia 2018 20 #20th in Final 99 Jessica Mauboy We Got Love
100%
Moldova 2014 37 #16th in Semi-Final 1 13 Cristina Scarlat Wild Soul
100%
Azerbaijan 2018 30 #11th in Semi-Final 1 94 Aisel X My Heart
100%
Czech Republic 2009 42 #18th in Semi-Final 1 0 Gipsy.cz Aven Romale
67%
Hungary 2008 42 #19th in Semi-Final 2 6 Csezy Candlelight
67%
Belgium 2009 41 #17th in Semi-Final 1 1 Copycat Copycat
67%
Slovakia 2012 38 #18th in Semi-Final 2 22 Max Jason Mai Don't Close Your Eyes
67%
Georgia 2018 41 #18th in Semi-Final 2 24 Jazz Band Iriao For You
67%
Albania 2007 31 #17th in Semi-Final 49 Frederik Ndoci Hear My Plea
67%
Poland 2011 41 #19th in Semi-Final 1 18 Magdalena Tul Jestem
67%
Lithuania 2005 39 #25th in Semi-Final 17 Laura & The Lovers Little by Little
67%
Belarus 2006 36 #22nd in Semi-Final 10 Polina Smolova Mum
67%
Netherlands 2011 43 #19th in Semi-Final 2 13 3JS Never Alone
67%
Iceland 2018 43 #19th in Semi-Final 1 15 Ari Olafsson Our Choice
67%
Israel 2007 38 #24th in Semi-Final 17 Teapacks Push The Button
67%
Ukraine 2017 24 #24th in Final 36 O. Torvald Time
67%
Norway 2007 32 #18th in Semi-Final 48 Guri Schanke Ven A Bailar Conmigo
67%
Malta 2007 39 #25th in Semi-Final 15 Olivia Lewis Vertigo
67%
Switzerland 2004 36 #22nd in Semi-Final 0 Piere and the MusicStars Celebrate
33%
United Kingdom 2003 26 #26th in Final (nul-point) 0 Jemini Cry Baby
33%
Bulgaria 2005 33 #19th in Semi-Final 49 Kaffe Lorraine
33%
Latvia 2009 40 #19th in Semi-Final 2 7 Intars Busulis Probka
33%
Andorra 2006 37 #23rd in Semi-Final 8 Jennifer Sense Tu
33%
Sweden 2010 26 #11th in Semi-Final 2 62 Anna Bergendahl This Is My Life
33%
Austria 2012 42 #18th in Semi-Final 1 8 Trackshittaz Woki Mit Deim Popo
33%
Serbia & Montenegro 2005 7 #7th in Final 137 No Name Zauvijek Moja
33%
Monaco 1966 17 #17th in Final (nul-point) 0 Tereza Bien Plus Fort
0%
Morocco 1980 18 #18th in Final 7 Samira Bensaid Bitaqat Hob
0%
Portugal 2006 26 #19th in Semi-Final 26 Nonstop Coisas De Nada
0%
Italy 1966 17 #17th in Final (nul-point) 0 Domenico Modugno Dio, Come Ti Amo
0%
Luxembourg 1970 12 #12th in Final (nul-point) 0 David Alexandre Winter Je Suis Tombe Du Ciel
0%
Spain 1983 19 #19th in Final (nul-point) 0 Remedios Amaya Quien maneja mi barca?
0%
Cyprus 2011 42 #18th in Semi-Final 2 16 Christos Mylordos San Aggelos S'agapisa
0%
Turkey 1987 22 #22nd in Final (nul-point) 0 Seyyal Taner and Lokomotif Seninle Bir Dakika
0%
Croatia 2007 30 #16th in Semi-Final 54 Dragonfly ft. Dado Topic Vjerujum U Ljubav
0%
Yugoslavia 1964 13 #13th in Final (nul-point) 0 Sabahudin Kurt Zivot je sklopio krug
0%
No matching quizzes found
Score Distribution
Percent of People with Each Score
Percentile by Number Answered
Your Score History
You have not taken this quiz